000 00240nam a2200097Ia 4500
001 690314
005 20250826161814.0
008 250824s9999 xx 000 0 und d
245 0 _aKARILAR KOĞUŞU
_cKEMAL TAHİR
260 _bİTHAKİ YAYINLARI
999 _c690314
_d690314